[Event "PolofMCR junior2016"]
[Site "?"]
[Date "2016.11.14"]
[Round "2.13"]
[White "Parizek, Vojtech"]
[Black "Paulus, Vaclav"]
[Result "1-0"]
[WhiteElo "2110"]
[BlackElo "1822"]
[Annotator "Burda,Roman"]
[PlyCount "93"]
[EventDate "2016.??.??"]
[TimeControl "180"]

{460MB, Rybka4Gen.ctg, Roman-THINK} 1. e4 {[%emt 0:00:00]} c5 2. Nf3 d6 3. d4
cxd4 4. Nxd4 Nf6 5. Nc3 g6 6. Be3 Bg7 7. f3 O-O 8. Qd2 Nc6 9. O-O-O Bd7 10. g4
a6 11. h4 b5 12. h5 b4 13. Nd5 Nxd5 14. exd5 Nxd4 15. Bxd4 Bxd4 16. Qxd4 Qa5
17. hxg6 fxg6 18. Bd3 Qc5 19. Bxg6 Qxd4 20. Bxh7+ Kg7 21. Rxd4 Rh8 22. Re1 Rxh7
23. Rxe7+ Kg8 24. Rxh7 Kxh7 25. Rxb4 Rd8 26. Kd2 Kg6 27. Rb6 Bc8 28. a4 Kf6 29.
Ke3 Ke5 30. c4 Rd7 31. f4+ Kf6 32. c5 Ke7 33. c6 Rd8 34. f5 Rh8 35. Kf4 Rg8 36.
g5 Rh8 37. Rb8 Rf8 38. f6+ Kf7 39. b4 Rh8 40. Rxc8 Rxc8 41. b5 axb5 42. axb5
Ra8 43. b6 Ra4+ 44. Kf5 Rd4 45. g6+ Ke8 46. Ke6 Kd8 47. g7 1-0

[Event "PolofMCR junior2016"]
[Site "?"]
[Date "2016.11.14"]
[Round "2.8"]
[White "Bulockin, Martin"]
[Black "Havelka, Josef"]
[Result "1-0"]
[WhiteElo "1977"]
[BlackElo "2325"]
[Annotator "Burda,Roman"]
[PlyCount "83"]
[EventDate "2016.??.??"]
[TimeControl "180"]

{460MB, Rybka4Gen.ctg, Roman-THINK} 1. e4 {[%emt 0:00:00]} c5 2. Nf3 Nc6 3. d4
cxd4 4. Nxd4 Nf6 5. Nc3 e6 6. Ndb5 Bb4 7. a3 Bxc3+ 8. Nxc3 d5 9. exd5 exd5 10.
Bd3 O-O 11. O-O d4 12. Ne4 Bf5 13. Bg5 Bxe4 14. Bxe4 Qd6 15. Bxf6 Qxf6 16. Qd3
g6 17. Rad1 Rfd8 18. f4 Rd6 19. Rde1 Rc8 20. Qh3 Rcd8 21. Bd3 Ne7 22. f5 Qg5
23. fxg6 hxg6 24. Qf3 Rf8 25. Qxb7 Re6 26. Qf3 Rb6 27. Qe4 Nf5 28. Qd5 Rd6 29.
Qa5 Re6 30. Bxf5 gxf5 31. Rf3 Rg6 32. Rg3 Qh4 33. Qxf5 Rxg3 34. hxg3 Qh7 35.
Qg5+ Qg7 36. Qh4 Rc8 37. Re4 Kf8 38. Qe7+ Kg8 39. Qd7 Qf8 40. Rg4+ Kh7 41. Qf5+
Kh6 42. Qf6+ 1-0